Inscripción de los hijos e hijas de madres solteras: ¿una cuestion de paternidad responsable? /
Guardado en:
| Hovedforfatter: | |
|---|---|
| Autores Corporativos: | , |
| Format: | Texto |
| Udgivet: |
San José:
IIP
|
| Fag: | |
| Tags: |
Tilføj Tag
Ingen Tags, Vær først til at tagge denne postø!
|
MARC
| LEADER | 00000 a a2200000 04500 | ||
|---|---|---|---|
| 001 | 30653 | ||
| 003 | |||
| 040 | |||
| 020 | |a 9977-67-690-9 | ||
| 022 | |a 9977-67-690-9 | ||
| 090 | |a 195500 |b | ||
| 100 | |a Vega Robles, Isabel | ||
| 110 | |a UCR. IIP | ||
| 245 | |a Inscripción de los hijos e hijas de madres solteras: ¿una cuestion de paternidad responsable? / |c UCR. IIP | ||
| 260 | |a San José: |b IIP | ||
| 300 | |a 80 p. | ||
| 650 | |a LEGISLACION | ||
| 650 | |a NIÑOS | ||
| 650 | |a PADRES | ||
| 650 | |a MADRES | ||
| 650 | |a RESPONSABILIDAD LEGAL | ||
| 650 | |a DERECHOS DEL NIÑO | ||
| 650 | |a BIENESTAR DE LA INFANCIA | ||
| 710 | |a Universidad de Costa Rica. Instituto de Investigaciones Psicológicas | ||
| 999 | |c 8817 |d 8817 | ||



